000 00551nam a2200241Ia 4500
005 20260306150806.0
008 008 260114s9999 xx 000 0 eng d
020 _a9780791497104
037 _aEbook
040 _aCRL
040 _beng
040 _cCRL
041 _2eng
041 _aeng
084 _qCRL
245 0 _aTranspersonal Psychotherapy
260 _bSUNY Press
260 _c1996
650 _aSocial Sciences
856 _uhttps://www.degruyter.com/isbn/9780791497104
942 _cEBOOK
999 _c1699673
_d1699673